| 000 | 00530nam a2200193 a 4500 | ||
|---|---|---|---|
| 001 | 1769943201290 | ||
| 003 | YourLibrary | ||
| 005 | 20260201164119.0 | ||
| 008 | 260201s2004##################000#0#eng## | ||
| 020 | _a9783631520948 | ||
| 082 | 0 | 4 |
_a302.23014 _bHER |
| 100 | 1 |
_aHerwig, Rolf, _eauthor. |
|
| 245 | 1 | 0 | _aLanguage and the modern media : |
| 260 |
_bPeter Lang Pub Incorporated, _c2004. |
||
| 300 | _a610 pages | ||
| 650 | 0 | _aLanguage Arts & Disciplines. | |
| 942 | _cENGLISH | ||
| 040 |
_aYourLibrary _beng _cYourLibrary |
||
| 999 |
_c609931 _d609931 |
||